Score 0/30 Timer 03:00
1 Play Today
Hint Answer % Correct
Napoleon ____ - French dictatorBonaparte
96.9%
____ Wall - German divisive barrierBerlin
96.5%
Ludwig van ____ - composerBeethoven
95.9%
____ Yeltsin - Russian presidentBoris
90.4%
____ Mussolini - dictator of ItalyBenito
87.5%
____ Sunday - massacre in Northern Ireland Bloody
86.9%
____ Stoker - novelistBram
84.6%
Tony ____ - UK prime ministerBlair
82.3%
Emily ____ - English novelistBrontë
81.5%
Otto von ____ - German chancellorBismarck
78.6%
Anne ____ - Queen consort of EnglandBoleyn
77.9%
Storming of the ____ - French Revolution seigeBastille
76.8%
____ Age - historical period Bronze
74.4%
Battle of the ____ - WWII battleBulge
73.3%
The ____ of Venus - paintingBirth
65.9%
Hint Answer % Correct
The ____ - WWII air raids over BritainBlitz
64.8%
Niels ____ - physicistBohr
63.3%
'____ Hand' - Serbian militaristic groupBlack
62.9%
Hieronymus ____ - painterBosch
44%
Wernher von ____ - rocket scientistBraun
43.6%
____ Empire - empireByzantine
41.5%
Honoré de ____ - author and playwrightBalzac
37.9%
____ Montgomery - WWII generalBernard
36.1%
Simone de ____ - feminist philosopherBeauvoir
34.2%
Battle of ____ Field - War of the Roses battleBosworth
27.9%
Treaty of ____-Litovsk - peace treatyBrest
27.2%
Vasco Núñez de ____ - conquistadorBalboa
23%
Jeremy ____ - utilitarian philosopherBentham
22.5%
Frederick ____ - Holy Roman EmperorBarbarossa
18.4%
House of ____ - Renaissance noble familyBorgia
14.6%

Today's Daily Dose

Missing Word
Train Books

Word Ladder
Piano Man

Quick Pick
Google Products

Get the Picture
Moana or Coco

Remove Ads.
Support Sporcle.
Get the best of Sporcle when you Go Orange. This ad-free experience offers more features, more stats, and more fun while also helping to support Sporcle. Thank you for becoming a member.

You're not logged in!

Compare scores with friends on all Sporcle quizzes.
OR
Log In

Show Comments

Extras

Top Quizzes Today


Score Distribution

Your Account Isn't Verified!

In order to create a playlist on Sporcle, you need to verify the email address you used during registration. Go to your Sporcle Settings to finish the process.

Report this User

Report this user for behavior that violates our Community Guidelines.

Details: